000 01035nam0a22002771 4500
001 rc\4439345
005 20260405115202.0
021 _aRU
_b[66-6839]
035 _a(NLR Aleph) 008580580
090 _a8582494
_c8582494
100 _a20130416d1965 |||y0rusy50 ca
101 0 _arus
102 _aRU
105 _ay z |||||
200 1 _aГенетические основы разведения цветных норок
210 _aМосква
_cРоссельхозиздат
_d1965
215 _a94 с.
_d21
300 _aНа обл. авт. не указаны
606 _aНорка
_xРазведение
_xГенетические основы
_2psbo
700 1 _aИльина
_bЕ.Д.
_gЕлена Дмитриевна
701 1 _8rus
_7ca
_aКузнецов
_bГ. А.
_cд-р с.-х. наук, канд. биол. наук
_f1920-2017
_gГеоргий Алексеевич
_3RU\NLR\AUTH\7745607
_928543
801 0 _aRU
_bNLR
_gpsbo
801 1 _aRU
_bELAR
_2rusmarc
852 _aNLR
_j66-6/976
942 _cBOOK
980 _aNB